[Event "South Wales 2nd"]
[Site "Newport"]
[Date "1999.01.12"]
[Round "3"]
[White "Devereaux, Maxim"]
[Black "Sheldon, Ruth"]
[Result "1/2-1/2"]
[WhiteElo "2220"]
[BlackElo "2265"]

1.e4 c5 2.c3 Nf6 3.e5 Nd5 4.d4 cxd4 5.Nf3 e6 6.cxd4 Na6 7.Nc3 Nac7 8.Bg5 Be7
9.h4 b6 10.Ne4 O-O 11.Bxe7 Qxe7 12.a3 Ba6 13.Bxa6 Nxa6 14.O-O Nac7 15.Rc1 f6
16.Qd3 Nf4 17.Qd2 Ncd5 18.exf6 gxf6 19.g3 Qg7 20.Kh2 Qg4 21.Ng1 Ng6 22.Qe2 Qxe2
23.Nxe2 Nge7 24.Nd6 Nc8 25.Nb5 Nce7 26.Nd6 f5 27.Nc3 f4 28.Nce4 Nc6 29.Nb5 Rf5
30.g4 Rff8 31.Rfd1 f3 32.Nec3 Nxc3  1/2-1/2

[Event "Tapolca op"]
[Site "Budapest"]
[Date "1999.01.15"]
[Round "8"]
[White "Kun, Gabor"]
[Black "Chernyshov, Konstantin"]
[Result "1/2-1/2"]
[WhiteElo "2260"]
[BlackElo "2485"]

1.e4 c5 2.c3 Nf6 3.e5 Nd5 4.d4 cxd4 5.Qxd4 e6 6.Nf3 Qc7 7.Qe4 b6 8.Bd3 Bb7
9.Qe2 Nc6 10.O-O d6 11.Re1 dxe5 12.Nxe5 Qxe5 13.Qxe5 Nxe5 14.Rxe5 O-O-O 15.Bf1 Nf6
16.Re1 Bc5 17.Be3 Bd6 18.Bg5 h6 19.Bxf6 gxf6 20.a4 Rhg8 21.a5 Rxg2+ 22.Bxg2 Rg8
23.Kf1 Rxg2 24.Ke2 Bc5 25.axb6 Bxf2 26.bxa7 Bxa7+ 27.Kd3 Bb6 28.Nd2 Rxh2
29.Nc4 Bc7 30.Rg1 Rh3+ 31.Ke2 Bf3+ 32.Kf2 Bd5 33.Rg8+ Kd7 34.Nd2 Bb6+ 35.Ke2 f5
36.c4 Be4 37.Nxe4 fxe4 38.Rd1+ Ke7 39.b4 Rh2+ 40.Ke1 Be3 41.c5 Rc2 42.Kf1 f5
43.Rg2 Rc4 44.Rb1 f4 45.Re2 Kd7 46.Rxe3  1/2-1/2

[Event "ISR-chT"]
[Site "Israel"]
[Date "1999.01.15"]
[Round "2"]
[White "Rozentalis, Eduardas"]
[Black "Greenfeld, Alon"]
[Result "1-0"]
[WhiteElo "2575"]
[BlackElo "2535"]

1.e4 c5 2.c3 Nf6 3.e5 Nd5 4.Nf3 Nc6 5.Bc4 Nb6 6.Bb3 c4 7.Bc2 d6 8.exd6 Qxd6
9.O-O Bg4 10.h3 Bh5 11.Qe2 e6 12.Na3 Qf4 13.b3 cxb3 14.axb3 Bd6 15.Re1 Bxf3
16.Qxf3 Qxf3 17.gxf3 O-O 18.d4 Nd5 19.Nb5 Bf4 20.Be4 Bxc1 21.Raxc1 Rad8 22.c4 Ndb4
23.c5 Rd7 24.Red1 Rfd8 25.Nd6 g6 26.Rc4 Kg7 27.Ra1 Rxd6 28.cxd6 Rxd6 29.Bxc6 Nxc6
30.Rd1 e5 31.d5 Nd4 32.Kf1 Rxd5 33.f4 b5 34.Rc7 exf4 35.Re7 Rd6 36.Re4 Nf5
37.Rxd6 Nxd6 38.Rxf4 Kf8 39.Ke2 a5 40.Kd3 a4 41.b4 f5 42.Rd4 Ke7 43.Rd5 Kd7
44.Kd4 Kc6 45.Rc5+ Kb6 46.Rc2 Ne8 47.Re2 Nc7 48.Re7 Kc6 49.Rxh7 Kd6 50.h4 Ne6+
51.Kc3 Nf4 52.Rg7 Ke5 53.Rb7 Nd5+ 54.Kd2 Nxb4 55.Rxb5+ Nd5 56.Kd3 Ke6 57.Kd4 Nf4
58.Rb6+ Kf7 59.Ra6 Kg7 60.Ke3 Nh5 61.Rxa4 Kh6 62.Rc4 Kg7 63.Rc7+ Kh6 64.Rf7 Ng7
65.Kf4 Nh5+ 66.Ke5 Ng7 67.Rf8 Kh7 68.Kf6 Nh5+ 69.Kg5  1-0

[Event "South Wales 2nd"]
[Site "Newport"]
[Date "1999.01.15"]
[Round "9"]
[White "Varley, Peter"]
[Black "Beaumont, Chris"]
[Result "1/2-1/2"]
[WhiteElo "2273"]
[BlackElo "2298"]

1.e4 c5 2.c3 Nf6 3.e5 Nd5 4.d4 cxd4 5.cxd4 e6 6.Nc3 Nxc3 7.bxc3 Qc7 8.Bd2 b6
9.Qf3 Bb7 10.Qg3 Nc6 11.Bd3 d6 12.f4 Ne7 13.Nf3 Nf5 14.Qf2 Be7 15.O-O h5
16.Qe2 g6  1/2-1/2

[Event "NRW-Liga II 9899"]
[Site "GER"]
[Date "1999.01.20"]
[Round "5"]
[White "Duerdoth, Sebastian"]
[Black "Genkin, Anatoli"]
[Result "1/2-1/2"]
[WhiteElo "2175"]
[BlackElo "2090"]

1.e4 c5 2.c3 Nf6 3.d3 Nc6 4.f4 d5 5.Nd2 e5 6.fxe5 Nxe5 7.Ngf3 Nxf3+ 8.Qxf3 Bd6
9.Be2 O-O 10.O-O Ng4 11.g3 f5 12.exf5 Rxf5 13.Qh1 Bc7 14.Rxf5 Bxf5 15.Nf1 Qd7
16.Bf3 Rf8 17.Ne3 d4 18.Nd5 Ne5 19.Bf4 Nxf3+ 20.Qxf3 Bxf4 21.Nxf4 Qf7 22.c4 Bd7
23.Qd5 Qxd5 24.Nxd5 Rf3 25.Rf1 Rxf1+ 26.Kxf1 Kf7 27.Kf2 Bf5 28.Ke2 Ke6 29.a3 Kd6
30.b4 b5 31.Nf4 g5 32.Ng2 a6 33.Ne1 bxc4 34.dxc4 Bg4+ 35.Kd2 Kc6 36.Nd3 cxb4
37.Ne5+ Kc5 38.axb4+ Kxb4 39.Nxg4 Kxc4 40.Ne5+ Kd5 41.Nf7 a5 42.Nxg5 h6 43.Nf7 h5
44.Ng5 a4 45.Nf3 Ke4 46.Nxd4 Kxd4 47.h3  1/2-1/2

[Event "Ubeda op"]
[Site "Ubeda"]
[Date "1999.01.25"]
[Round "6"]
[White "Kunte, Abhijit"]
[Black "Rashkovsky, Nukhim N"]
[Result "0-1"]
[WhiteElo "2505"]
[BlackElo "2535"]

1.e4 c5 2.c3 Nf6 3.e5 Nd5 4.Nf3 Nc6 5.d4 cxd4 6.cxd4 d6 7.Nc3 dxe5 8.dxe5 Nxc3
9.Qxd8+ Kxd8 10.bxc3 h6 11.Bc4 e6 12.O-O Bc5 13.Re1 Bd7 14.Rb1 Rc8 15.Nd2 Na5
16.Bd3 Bc6 17.Ne4 Bxe4 18.Bxe4 b6 19.g4 Ke7 20.h4 Rhd8 21.Re2 Kf8 22.h5 Be7
23.Kg2 Rxc3 24.Bd2 Ra3 25.Bxa5 Rxa5 26.f4 Rd4 27.Rbb2 Bc5 28.Rbd2 Rxd2 29.Rxd2 Be3
30.Rd8+ Ke7 31.Rg8 Bxf4 32.Rxg7 Kf8 33.Rh7 Kg8  0-1

[Event "Nova Gorica op"]
[Site "Nova Gorica"]
[Date "1999.01.28"]
[Round "1"]
[White "Ursic, Silvio"]
[Black "Fucak, Emilijo"]
[Result "0-1"]
[WhiteElo "2017"]
[BlackElo "2320"]

1.e4 c5 2.c3 Nf6 3.e5 Nd5 4.d4 cxd4 5.cxd4 e6 6.Nf3 b6 7.Bd3 Ba6 8.Qe2 Bb4+
9.Kf1 Qc8 10.Bg5 h6 11.Bxa6 Nxa6 12.Bd2 Qc2 13.Bxb4 Naxb4 14.Na3 Qg6 15.Nc4 Nf4
16.Nd6+ Ke7 17.Nh4 Qg5 18.Qd2 Qxh4 19.Qxb4 Qxf2+ 20.Kxf2 Nd3+ 21.Ke2 Nxb4
22.Rhf1 f6 23.Rac1 Nc6 24.Nb5 fxe5 25.dxe5 a6 26.Nd6 Nxe5 27.Nc4 Nxc4 28.Rxc4 Rac8
29.Rxc8 Rxc8  0-1

[Event "Nova Gorica op"]
[Site "Nova Gorica"]
[Date "1999.01.28"]
[Round "1"]
[White "Bednarich, Jan"]
[Black "Grosar, Aljosa"]
[Result "1-0"]
[WhiteElo "2230"]
[BlackElo "2450"]

1.e4 c5 2.c3 Nf6 3.e5 Nd5 4.d4 cxd4 5.Nf3 d6 6.cxd4 Nc6 7.Bc4 e6 8.O-O Be7
9.Qe2 O-O 10.Nc3 dxe5 11.dxe5 Nxc3 12.bxc3 Qa5 13.Bd2 Rd8 14.Rfe1 Bd7 15.h4 Be8
16.Rab1 Rd7 17.Qe4 Rad8 18.Ng5 g6 19.Rb5 Qc7 20.Bf4 Nd4 21.cxd4 Qxc4 22.Rxb7 Rxd4
23.Qe2 Qxe2 24.Rxe2 Bb4 25.Bg3 a5 26.Ne4 Bc6 27.Nf6+ Kg7 28.Rc7 Rc4 29.Kh2 h5
30.Rb2 Rd1 31.Rc8 Bf8 32.Rcb8 g5  1-0

[Event "BL2-N9899"]
[Site "Germany"]
[Date "1999.01.31"]
[Round "5.6"]
[White "Michna, Christian"]
[Black "Mattick, Lutz"]
[Result "1/2-1/2"]
[WhiteElo "2210"]
[BlackElo "2265"]

1.e4 c5 2.c3 Nf6 3.e5 Nd5 4.d4 cxd4 5.Bc4 Qc7 6.Qe2 e6 7.Bxd5 exd5 8.Bf4 dxc3
9.Nxc3 Bb4 10.Qd2 d4 11.Qxd4 Nc6 12.Qe3 O-O 13.Ne2 d6 14.exd6 Bxd6 15.Bxd6 Qxd6
16.O-O Qb4 17.b3 Be6 18.Rad1 Rfe8 19.Qg3 Rad8 20.Nf4 Nd4 21.Nh5 Nf5 22.Rxd8 Rxd8
23.Qg5 Rd4 24.Nd5 Qd6 25.Ndf6+ Kh8 26.Ne8 Qd8 27.Qxd8 Rxd8 28.Nc7 Rd2 29.Nxe6 fxe6
30.Rc1 Kg8 31.g3 Rd7 32.Kg2 Kf7 33.Nf4 e5 34.Rc5 Kf6 35.Nd5+ Ke6 36.Nc3 Nd4
37.Rc8 Nc6 38.Ne4 Kd5 39.Nd2 h6 40.Nc4 Kd4 41.h4  1/2-1/2

[Event "Nova Gorica op"]
[Site "Nova Gorica"]
[Date "1999.02.03"]
[Round "7"]
[White "Sermek, Drazen"]
[Black "Kozul, Zdenko"]
[Result "1/2-1/2"]
[WhiteElo "2540"]
[BlackElo "2585"]

1.e4 c5 2.c3 Nf6 3.e5 Nd5 4.Nf3 Nc6 5.d4 cxd4 6.Bc4 e6 7.cxd4 d6 8.O-O Be7
9.Qe2 O-O 10.Re1 Bd7 11.Nc3 Nxc3 12.bxc3 dxe5 13.dxe5 Qc7 14.Qe4 Rfd8 15.Ng5 g6
16.Qh4 h5 17.Qf4 Nxe5 18.Rxe5 Bxg5 19.Qxg5 Qxc4 20.Bf4 Qxc3 21.Ree1 Bc6 22.Be5 Rd5
23.Rac1 Qa3 24.h4 Qxa2 25.Qf6 Rxe5 26.Rxe5 Qa3 27.Rce1 Qf8 28.Qf4 Qe7 29.R1e3 Rd8
30.Rg3 Rd1+ 31.Kh2 Rd5 32.Rxd5 Bxd5 33.Rg5 a5 34.g4 Qb4 35.Qb8+ Kg7 36.Qc7 Kg8
37.Qb8+ Kg7 38.Qe5+  1/2-1/2

[Event "Nova Gorica op"]
[Site "Nova Gorica"]
[Date "1999.02.05"]
[Round "9"]
[White "Sermek, Drazen"]
[Black "Fercec, Nenad"]
[Result "1/2-1/2"]
[WhiteElo "2540"]
[BlackElo "2495"]

1.e4 c5 2.c3 Nf6 3.e5 Nd5 4.Nf3 e6 5.Bc4 d6 6.d4 cxd4 7.cxd4 Be7 8.O-O Nc6
9.Qe2 O-O 10.Re1 Bd7 11.Nc3 Nxc3 12.bxc3 dxe5 13.dxe5 Qc7 14.Bd3 Rfd8 15.Bg5 Be8
16.h4 g6 17.Bc2 Rd5 18.Qe3 Bf8 19.h5 Rc5 20.Bf6 Ne7 21.hxg6 hxg6 22.c4 Rxc4
23.Ng5 Rh4 24.Be4 Rh6 25.g4 Bc6 26.Rac1 Nd5 27.Qf3 Nxf6 28.Bxc6 bxc6 29.Qxf6 Bg7
30.Qf4 Rd8 31.Rc3 Rd5 32.Rf3 Bxe5 33.Rxe5 Rxe5 34.Kg2 f6 35.Ne4 g5 36.Nxf6+ Kf7
37.Qg3 Rxf6 38.Qh2 Kf8 39.Qh6+ Ke8 40.Qh8+ Ke7 41.Qg7+ Kd6 42.Qxf6  1/2-1/2

[Event "Budapest FS02 GM"]
[Site "Budapest"]
[Date "1999.02.07"]
[Round "2"]
[White "Boricsev, Oleg"]
[Black "Vajda, Szidonia"]
[Result "1/2-1/2"]
[WhiteElo "2360"]
[BlackElo "2340"]

1.e4 c5 2.c3 Nf6 3.e5 Nd5 4.d4 cxd4 5.Nf3 e6 6.cxd4 d6 7.Be2 Nc6 8.O-O Be7
9.exd6 Bxd6 10.Nc3 Nxc3 11.bxc3 O-O 12.Bd3 Be7 13.Qe2 Qa5 14.Qe4 g6 15.Bh6 Rd8
16.c4 Bf6 17.d5 exd5 18.Qf4 Bh8 19.Ng5 Ne5 20.cxd5 f6 21.d6 Qd5 22.Ne4 Nxd3
23.Nxf6+ Kf7 24.Nxd5+ Nxf4 25.Bxf4 Bxa1 26.Rxa1 Bf5 27.Nc7 Rac8 28.Re1 Rd7
29.f3 Bd3 30.a4 b6  1/2-1/2

[Event "Goodricke 10th op"]
[Site "Calcutta"]
[Date "1999.02.07"]
[Round "2"]
[White "Kabir, S Ruhul"]
[Black "Vishveswaran, K."]
[Result "1/2-1/2"]
[WhiteElo "2250"]
[BlackElo "2270"]

1.e4 c5 2.c3 Nf6 3.e5 Nd5 4.d4 cxd4 5.cxd4 d6 6.Nf3 Nc6 7.Nc3 dxe5 8.dxe5 Nxc3
9.Qxd8+ Nxd8 10.bxc3 Nc6 11.Bf4 g6 12.Nd4 Bd7 13.Rb1 O-O-O 14.Bc4 Bg7 15.Nxc6 Bxc6
16.O-O Bd5 17.Be2 h6 18.c4 Be4 19.Rb3 a6 20.Bf3 Rd4 21.Rc1 Bxf3 22.Rxf3 Rhd8
23.Kf1 Re4 24.c5 e6 25.c6 bxc6 26.Rxc6+ Kb7 27.Rc1 Rb4 28.Be3 Rd7 29.Bc5 Rb2
30.Bd6 Rb5 31.a4 Rd5 32.Rb3+ Ka7 33.f4 f6 34.Bb8+ Ka8 35.Rc6 Rb7 36.Rxb7 Kxb7
37.Rxe6 fxe5 38.Bxe5 Bxe5 39.fxe5 h5 40.Ke2 Ra5 41.Kf3 g5 42.g4 h4 43.Ke4 Rxa4+
44.Kf5 Ra2 45.h3 Rh2 46.Kxg5 Rxh3 47.Rh6 a5 48.e6 Kc6 49.e7+ Kd7 50.Re6 Ke8
51.Re4 Rh1 52.Re2 h3 53.Kf6 Rg1 54.Rb2 Rf1+ 55.Ke6 Re1+ 56.Kf6 Rf1+ 57.Ke6  1/2-1/2

[Event "Oberliga Sued W9899"]
[Site "Wuertemberg"]
[Date "1999.02.07"]
[Round "6"]
[White "Rau, Juergen"]
[Black "Rabl, Joerg Stefan"]
[Result "1/2-1/2"]
[WhiteElo "2175"]
[BlackElo "2215"]

1.e4 c5 2.c3 Nf6 3.e5 Nd5 4.d4 cxd4 5.Qxd4 e6 6.Bc4 Nc6 7.Qe4 Qc7 8.Nf3 Nde7
9.Bf4 Ng6 10.Bg3 d5 11.exd6 Bxd6 12.Bxd6 Qxd6 13.O-O O-O 14.Re1 b6 15.Na3 Bb7
16.Rad1 Qe7 17.Qg4 Rfd8 18.Rxd8+ Rxd8 19.Bb3 Qf6 20.Nc4 Qf4 21.Qxf4 Nxf4
22.Rd1 Rxd1+ 23.Bxd1 Ba6 24.Nd6 Nd5 25.Ng5 Nd8 26.g3 f6 27.Nge4 Kf8 28.c4 Nc7
29.Nd2 Ke7 30.N6e4 Nc6 31.a3 Ne5 32.b3 Bb7 33.f4 Nd7 34.Kf2 e5 35.fxe5 Nxe5
36.Ke3 Ne6 37.Be2 h6 38.b4 f5 39.Nc3 Bc6 40.Nb3 g5 41.Nd5+ Kd6 42.Nf6 f4+
43.gxf4 gxf4+ 44.Kf2 f3 45.Bf1 Nf7 46.Ng4 h5 47.Ne3 Ke5 48.h4 Nd6 49.Nc1 Nd4
50.Nd3+ Ke4 51.Ne1 Kf4 52.Nd3+ Ke4 53.Ne1 Kf4  1/2-1/2

[Event "RUS-Cup03 (Geller mem)"]
[Site "Moscow"]
[Date "1999.02.08"]
[Round "7"]
[White "Gavritenkov, Sergei"]
[Black "Arbakov, Valentin"]
[Result "1/2-1/2"]
[WhiteElo "2312"]
[BlackElo "2482"]

1.e4 c5 2.c3 Nf6 3.e5 Nd5 4.d4 cxd4 5.Qxd4 e6 6.Nf3 Nc6 7.Qe4 d6 8.Nbd2 Be7
9.Nc4 dxe5 10.Ncxe5 Nxe5 11.Nxe5 O-O 12.Bd3 f5 13.Qe2 Bf6 14.O-O Nxc3 15.bxc3 Bxe5
16.Qxe5 Qxd3 17.Bg5 Bd7 18.Rfd1 Qb5 19.Qd6 Rf7 20.Rab1 Qc6 21.Qe5 h6 22.Be3 b6
23.Rd6 Qc4 24.Rbd1 Bc6 25.Qxe6 Qxe6 26.Rxe6 Rc8 27.Red6 f4 28.Rd8+ Rxd8 29.Rxd8+ Kh7
30.Bd4 Re7 31.h3 g5 32.Rh8+ Kg6 33.Rg8+ Kh7 34.Rh8+ Kg6 35.Rg8+ Kh7  1/2-1/2

[Event "Yangon schev"]
[Site "Yangon"]
[Date "1999.02.08"]
[Round "9"]
[White "Khin Than"]
[Black "Htun Htun Than"]
[Result "1/2-1/2"]
[WhiteElo "2541"]
[BlackElo "2499"]

1.e4 c5 2.c3 Nf6 3.e5 Nd5 4.Nf3 e6 5.d4 cxd4 6.cxd4 d6 7.a3 Bd7 8.Bd3 Bc6
9.O-O Nd7 10.Re1 Qc7 11.Nbd2 dxe5 12.Nxe5 Nxe5 13.dxe5 O-O-O 14.Nf1 Kb8 15.Qe2 Be7
16.Bd2 Qd7 17.Be4 f5 18.exf6 gxf6 19.a4 Rhg8 20.Ng3 Ka8 21.Bf3 e5 22.a5 a6
23.Qc4 Bb5 24.Qb3 Bc5 25.Be4 Bc6 26.Qf3 Qg4 27.Qxg4 Rxg4 28.Rac1 Ba7 29.Red1 h5
30.Be3 Bxe3 31.fxe3 h4 32.Bf3 Rgg8 33.Nf5 h3 34.e4 Nf4 35.g3 Ne6 36.Kf2 Rge8
37.Ke3 Kb8 38.Bg4 Ng5 39.Nd6 Rg8 40.Bf5 Kc7 41.Nc4 Rxd1 42.Rxd1 Rd8 43.Rxd8 Kxd8
44.Nb6 Kc7 45.Nd5+ Bxd5 46.exd5 Kd6 47.Bc8 Kxd5 48.Bxb7+ Kc4 49.Bxa6+ Kb4
50.Bf1 Kxa5 51.b3 Kb4 52.Bc4 Kc3 53.Bg8 Kb4 54.Bc4 Kc3 55.Bg8  1/2-1/2

[Event "Goodricke 10th op"]
[Site "Calcutta"]
[Date "1999.02.09"]
[Round "4"]
[White "Kabir, S Ruhul"]
[Black "Sareen, Vishal"]
[Result "0-1"]
[WhiteElo "2250"]
[BlackElo "2355"]

1.e4 c5 2.c3 Nf6 3.e5 Nd5 4.d4 cxd4 5.cxd4 d6 6.Nf3 e6 7.Nc3 Nxc3 8.bxc3 Qc7
9.Bd2 Nd7 10.exd6 Bxd6 11.Bd3 O-O 12.O-O b6 13.Re1 Bb7 14.Ne5 Nxe5 15.dxe5 Bxe5
16.Bxh7+ Kxh7 17.Qh5+ Kg8 18.Rxe5 Rfd8 19.Bf4 f6 20.Qh8+ Kxh8 21.Rh5+ Kg8
22.Bxc7 Rd7 23.Bf4 e5 24.Be3 Rc8 25.a4 Rxc3 26.a5 Ra3 27.Rc1 Rxa5 28.Rh4 Rad5  0-1

[Event "RUS-Cup03 (Geller mem)"]
[Site "Moscow"]
[Date "1999.02.09"]
[Round "8"]
[White "Zakharov, Alexander S"]
[Black "Rychagov, Andrei"]
[Result "1/2-1/2"]
[WhiteElo "2430"]
[BlackElo "2487"]

1.e4 c5 2.c3 Nf6 3.e5 Nd5 4.d4 cxd4 5.Qxd4 e6 6.Nf3 Nc6 7.Qe4 f5 8.Qe2 b6
9.g3 a5 10.c4 Ba6 11.Bg2 Rc8 12.O-O Bc5 13.b3 O-O 14.a4 Qc7 15.Bb2 Rce8 16.Na3 Ndb4
17.Rad1 Re7 18.Rd2 Qc8  1/2-1/2

[Event "Goodricke 10th op"]
[Site "Calcutta"]
[Date "1999.02.10"]
[Round "5"]
[White "Goswami, Vedant"]
[Black "Murugan, Krishnamoorthy"]
[Result "1-0"]
[WhiteElo "2235"]
[BlackElo "2385"]

1.e4 c5 2.c3 Nf6 3.e5 Nd5 4.d4 cxd4 5.Nf3 e6 6.cxd4 b6 7.Nc3 Nxc3 8.bxc3 Qc7
9.Bd2 d6 10.Bd3 Nd7 11.O-O Bb7 12.Re1 dxe5 13.Nxe5 Nxe5 14.Rxe5 Bd6 15.Rh5 g6
16.Rh3 Qc6 17.Qf1 O-O 18.Re1 Qc7 19.Be4 Bd5 20.Qd3 Bc4 21.Qf3 Rac8 22.Bh6 Rfe8
23.Qf6 Bf8 24.Bxf8 Rxf8 25.Rxh7 Kxh7 26.Re3  1-0

[Event "Goodricke 10th op"]
[Site "Calcutta"]
[Date "1999.02.11"]
[Round "6"]
[White "Goswami, Vedant"]
[Black "Bakre, Tejas"]
[Result "0-1"]
[WhiteElo "2235"]
[BlackElo "2330"]

1.e4 c5 2.c3 Nf6 3.e5 Nd5 4.d4 cxd4 5.Nf3 Nc6 6.Bc4 Nb6 7.Bb3 d6 8.exd6 Qxd6
9.O-O Be6 10.Na3 dxc3 11.Qe2 Bxb3 12.Nb5 Qb8 13.axb3 e5 14.Nfd4 Ne7 15.Rd1 a6
16.Ne6 Ned5 17.Nf4 Nf6 18.Be3 Nbd7 19.Nh5 axb5 20.Qxb5 Bd6 21.Nxf6+ gxf6
22.Rxa8 Qxa8 23.bxc3 Ke7 24.b4 Qa6 25.Qd5 Qc6 26.Qd2 b5  0-1

[Event "Yangon schev"]
[Site "Yangon"]
[Date "1999.02.11"]
[Round "12"]
[White "Nay Oo Kyaw Tun"]
[Black "Liang Jinrong"]
[Result "0-1"]
[WhiteElo "2495"]
[BlackElo "2470"]

1.e4 c5 2.c3 Nf6 3.e5 Nd5 4.Nf3 Nc6 5.Bc4 Nb6 6.Bb3 d5 7.exd6 Qxd6 8.O-O Bf5
9.d4 cxd4 10.Nxd4 Nxd4 11.Qxd4 Qxd4 12.cxd4 e6 13.Nc3 Bb4 14.Rd1 O-O 15.Na4 Nxa4
16.Bxa4 Rac8 17.Bd2 Bxd2 18.Rxd2 Rfd8 19.Rad1 Be4 20.Bb3 Kf8 21.f3 Bd5 22.Bxd5 Rxd5
23.Kf2 Ke7 24.Ke3 Kd6 25.Kd3 h5 26.Re1 b5 27.Ree2 Rc4 28.Ke3 b4 29.Rd3 Ra5
30.b3 Rc1 31.Rdd2 Ra6 32.Rc2 Rc6 33.Rxc6+ Rxc6 34.Kd3 Rc3+ 35.Kd2 f6 36.Re4 Kd5
37.Re1 h4 38.h3 Rc7 39.Kd3 Rc6 40.Re2 Rc1 41.Kd2 Rc6 42.Kd3 g5 43.Re1 a5
44.Re2 Rc1 45.Rd2 Re1 46.Kc2 Re3 47.Kc1 f5 48.Kd1 g4 49.hxg4 fxg4 50.fxg4 Rg3
51.Rc2 Rxg4 52.Rc5+ Ke4 53.Rxa5 Rxg2 54.Rh5 Rh2 55.Kc1 Kxd4 56.Rb5 Kc3 57.Rc5+ Kd3
58.Rh5 h3 59.Kb1 Kd4 60.Rh4+ Kd5 61.a4 bxa3 62.b4 e5 63.b5 Rb2+ 64.Ka1 h2
65.b6 Rxb6 66.Rxh2 Rb3  0-1

[Event "Goodricke 10th op"]
[Site "Calcutta"]
[Date "1999.02.12"]
[Round "7"]
[White "Sharma, Dinesh K"]
[Black "Das, Arghyadip"]
[Result "1/2-1/2"]
[WhiteElo "2375"]
[BlackElo "2170"]

1.e4 c5 2.c3 Nf6 3.e5 Nd5 4.d4 cxd4 5.Nf3 e6 6.cxd4 b6 7.Nc3 Nxc3 8.bxc3 Qc7
9.Bd2 Bb7 10.Bd3 d6 11.O-O Nd7 12.Ng5 dxe5 13.Qh5 g6 14.Qh3 Bg7 15.Rae1 Qd6
16.f4 f5 17.fxe5 Qc6 18.Rf2 h6 19.Bb5 Qxb5 20.Nxe6 Kf7 21.Nc7 Qc4 22.Nxa8 Nf8
23.d5 Bxd5 24.g4 Bxa8 25.gxf5 Qd5 26.e6+ Ke8 27.Rfe2 Bf6 28.Qg3 Rg8 29.Bxh6 gxf5
30.Qxg8 Qh1+ 31.Kf2 Qf3+ 32.Kg1 Qh1+ 33.Kf2 Qf3+ 34.Kg1  1/2-1/2

[Event "RUS-Cup03 (Geller mem)"]
[Site "Moscow"]
[Date "1999.02.13"]
[Round "4"]
[White "Vlassov, Nikolai"]
[Black "Kargin, Arseny"]
[Result "1/2-1/2"]
[WhiteElo "2454"]
[BlackElo "2251"]

1.e4 c5 2.c3 Nf6 3.e5 Nd5 4.d4 cxd4 5.cxd4 d6 6.Nf3 Nc6 7.Bc4 Nb6 8.Bb3 dxe5
9.d5 Na5 10.Nc3 Nxb3 11.Qxb3 e6 12.Nxe5 Nxd5 13.Qb5+ Bd7 14.Qxb7 Bb4 15.Nxd7 Qc8
16.Nf6+ gxf6 17.Qb5+ Qd7 18.Qxd7+ Kxd7 19.Bd2 Bxc3 20.Bxc3 Nxc3 21.bxc3 Rab8
22.O-O-O+ Ke7 23.Kc2 Rhg8 24.g3 Rg4 25.Rb1 Rd8 26.Rhd1 Rxd1 27.Rxd1 Re4 28.Rd2 f5
29.Kb3 f4 30.c4 fxg3 31.hxg3 Re5 32.Kb4 a5+ 33.Kc3 Rc5 34.Rb2 Kd6 35.f4 f6
36.Rb6+ Rc6 37.Rb7 Rc7 38.Rb6+ Rc6 39.Rb8 Rc5 40.Rd8+ Ke7 41.Ra8 Rh5 42.Kd4 Rh3
43.Kc5 e5 44.f5 Rxg3 45.Ra7+ Kd8 46.Rxa5 e4 47.Kd6 Rd3+ 48.Ke6 e3 49.Kxf6 Rd6+
50.Kg5 h6+ 51.Kf4 Ke7 52.Kg4 e2 53.Re5+ Kf6 54.Rxe2 Rd4+  1/2-1/2

[Event "Goodricke 10th op"]
[Site "Calcutta"]
[Date "1999.02.14"]
[Round "9"]
[White "Kabir, S Ruhul"]
[Black "Meera, Sai"]
[Result "1/2-1/2"]
[WhiteElo "2250"]
[BlackElo "2110"]

1.e4 c5 2.c3 Nf6 3.e5 Nd5 4.d4 cxd4 5.cxd4 d6 6.Nf3 Nc6 7.Nc3 dxe5 8.dxe5 Nxc3
9.Qxd8+ Nxd8 10.bxc3 Bd7 11.Rb1 Rc8 12.Bd2 g6 13.Nd4 Bg7 14.f4 O-O 15.Bd3 f6
16.exf6 Bxf6 17.O-O Bxd4+ 18.cxd4 Bf5 19.Rb3 Be6 20.Rb2 Bd5 21.f5 Kg7 22.Bg5 e6
23.fxg6 Rxf1+ 24.Kxf1 hxg6 25.Rf2 Nf7 26.Bf6+ Kh7 27.Rf4 Bc4 28.Ke2 Bxd3+
29.Kxd3 g5 30.Rf2 Kg6 31.Be7 Rc6 32.g4 Nh6 33.h3 Ng8 34.Bb4 Nf6 35.Bd2 Ra6
36.Bc1 Nd5 37.Rb2 Ra3+ 38.Rb3 Rxa2 39.Rxb7 Rh2 40.Rxa7 Rxh3+ 41.Ke2 Rh2+
42.Kf3 Rc2 43.Ba3 Rc3+ 44.Kf2 Re3 45.Bd6 Re4 46.Be5 Rxg4 47.Kf3 Rh4 48.Rg7+ Kh6
49.Rg8 Rh3+ 50.Kg4 Rh4+ 51.Kf3 Rh3+  1/2-1/2

[Event "St Helier Tohmatsu op"]
[Site "St Helier"]
[Date "1999.02.15"]
[Round "2"]
[White "Hodge, David"]
[Black "Plaskett, Jim"]
[Result "0-1"]
[WhiteElo "2120"]
[BlackElo "2483"]

1.e4 c5 2.c3 Nf6 3.e5 Nd5 4.g3 d6 5.exd6 e6 6.Bg2 Bxd6 7.Nf3 O-O 8.d4 Nc6
9.O-O b5 10.dxc5 Bxc5 11.Qe2 b4 12.Ne5 Nxe5 13.Qxe5 Ba6 14.Rd1 Qb6 15.cxb4 Bxf2+
16.Kh1 Rad8 17.Na3 Nxb4 18.Bd2 Bd4 19.Qe4 Nd3 20.Be1 Qxb2  0-1

[Event "BL2-N9899"]
[Site "Germany"]
[Date "1999.02.21"]
[Round "6.5"]
[White "Blauert, Joerg"]
[Black "Hoerstmann, Martin"]
[Result "0-1"]
[WhiteElo "2385"]
[BlackElo "2295"]

1.e4 c5 2.c3 Nf6 3.e5 Nd5 4.d4 cxd4 5.Nf3 Nc6 6.cxd4 d6 7.Bc4 Nb6 8.Bb5 dxe5
9.Nxe5 Bd7 10.Nc3 Nxe5 11.dxe5 Bxb5 12.Qxd8+ Rxd8 13.Nxb5 a6 14.Nc7+ Kd7
15.Be3 Nc4 16.Nd5 Nxe5 17.Rd1 e6 18.Nb6+ Ke8 19.Rxd8+ Kxd8 20.Ke2 Bd6 21.Rc1 Nc6
22.Rd1 Ke7 23.Nc4 Bc7 24.Bc5+ Ke8 25.Nd6+ Bxd6 26.Rxd6 h5 27.h4 Rh6 28.a4 Rf6
29.b4 Rf5 30.f3 a5 31.Kd3 axb4 32.Kc4 g5 33.Kb5 gxh4 34.Kb6 Ne7 35.Rd2 Nc8+
36.Kb5 b6 37.Rc2  0-1

[Event "Belisce Metalis op 6th"]
[Site "Belisce"]
[Date "1999.02.27"]
[Round "7"]
[White "Sermek, Drazen"]
[Black "Sale, Srdjan"]
[Result "1-0"]
[WhiteElo "2540"]
[BlackElo "2415"]

1.e4 c5 2.c3 Nf6 3.e5 Nd5 4.Nf3 d6 5.d4 cxd4 6.cxd4 Nc6 7.Bc4 e6 8.O-O Be7
9.Qe2 O-O 10.Re1 Bd7 11.Nc3 Nxc3 12.bxc3 dxe5 13.dxe5 Qc7 14.Bd3 Rfd8 15.Bg5 Bxg5
16.Bxh7+ Kxh7 17.Nxg5+ Kg8 18.Qh5 Be8 19.Qh7+ Kf8 20.Qh8+ Ke7 21.Qxg7 Rd5
22.f4 Kd8 23.Rad1 Qe7 24.Rxd5+ exd5 25.h4 f5 26.Qg8 Kc7 27.Qxd5 b6 28.Kh2 Kb7
29.Qf3 Rd8 30.h5 Kc7 31.Qh3 Bd7 32.h6 Be6 33.Re3 Rh8 34.a4 Nd8 35.Rg3 Nf7
36.Nxe6+ Qxe6 37.h7 Kd7 38.Qh5 Ke7 39.Rg6 Qc4 40.Qh4+ Kf8 41.e6 Rxh7 42.e7+ Ke8
43.Rg8+ Kd7  1-0

[Event "AUT-chT2M 9899"]
[Site "Austria"]
[Date "1999.02.28"]
[Round "9"]
[White "Kranzl, Peter"]
[Black "Bensch, Patrick"]
[Result "0-1"]
[WhiteElo "2280"]
[BlackElo "2255"]

1.e4 c5 2.c3 Nf6 3.e5 Nd5 4.d4 cxd4 5.Qxd4 e6 6.Nf3 Nc6 7.Qe4 Qc7 8.Nbd2 Nde7
9.Nc4 Ng6 10.a4 f6 11.Bf4 Nxf4 12.Qxf4 Be7 13.Qg3 O-O 14.exf6 Qxg3 15.hxg3 gxf6
16.Bd3 Rf7 17.O-O-O d5 18.Ne3 Bd7 19.Rh5 Rg7 20.Rdh1 f5 21.g4 fxg4 22.Bxh7+ Kf7
23.Nh2 g3 24.fxg3 Bg5 25.Nf1 d4 26.cxd4 Nxd4 27.Kb1 Rc8 28.Nc2 Nb3 29.Be4 Bxa4
30.Rh7 Nc5 31.Rxg7+ Kxg7 32.Bf3 Nd3 33.Nfe3 Bf6 34.Rh5 Nxb2 35.Be4 Nc4 36.Rh7+ Kg8
37.Bd3 Nxe3 38.Nxe3 Rc3 39.Bg6 Rxe3  0-1

[Event "Oberliga Sued W9899"]
[Site "Wuertemberg"]
[Date "1999.02.28"]
[Round "7"]
[White "Gomolla, Peter"]
[Black "Banaszek, Marcin"]
[Result "1-0"]
[WhiteElo "2205"]
[BlackElo "2265"]

1.e4 c5 2.c3 Nf6 3.e5 Nd5 4.d4 cxd4 5.Nf3 Nc6 6.Bc4 Nb6 7.Bb3 d5 8.exd6 Qxd6
9.O-O Be6 10.Na3 dxc3 11.Nb5 Qxd1 12.Rxd1 Rc8 13.Bxe6 fxe6 14.bxc3 h6 15.Re1 Kf7
16.Rb1 Nd5 17.c4 Nc7 18.Nxa7 Nxa7 19.Ne5+ Ke8 20.Rxb7 g5 21.Rxa7 Bg7 22.Bb2 Rf8
23.a4 Rf4 24.g3 Bxe5 25.Bxe5 Rxc4 26.Bxc7 R8xc7 27.Rxc7 Rxc7 28.Rxe6 Rc1+
29.Kg2 Ra1 30.Rxh6 Rxa4 31.Rh5 g4 32.Rf5 Ra6 33.Rf4 Rg6 34.h3 gxh3+ 35.Kxh3 e6
36.g4 Ke7 37.Kh4 Rh6+ 38.Kg5 Rh2 39.Kg6 e5 40.Rf7+ Ke6 41.g5 e4 42.Kg7 Rg2
43.g6 Rg4 44.Kh7 Rg2 45.Rf4 Ke5 46.Rf8 Ke6 47.g7 Rh2+ 48.Kg8 Rg2 49.Rf7  1-0

[Event "BEL-chT9899"]
[Site "Antwerp"]
[Date "1999.02.??"]
[Round "6"]
[White "Henris, Luc"]
[Black "Gommers, Ralf"]
[Result "1-0"]
[WhiteElo "2255"]
[BlackElo "2338"]

1.e4 c5 2.c3 Nf6 3.e5 Nd5 4.d4 cxd4 5.Nf3 d6 6.cxd4 Nc6 7.Bc4 e6 8.O-O Be7
9.Qe2 Nb6 10.Bb3 Qc7 11.Nc3 a6 12.exd6 Qxd6 13.Rd1 Nd5 14.Nxd5 exd5 15.Ne5 Na5
16.Bc2 b5 17.Bf4 Qf6 18.Bd2 Nc6 19.Nxc6 Qxc6 20.Re1 Ra7 21.Rac1 Qb7 22.Qh5 Kf8
23.Bf5 Bd7 24.Rxe7 Kxe7 25.Bb4+ Kd8 26.Qg5+ f6 27.Qxg7 Bxf5 28.Qxf6+ Ke8
29.Re1+ Be4 30.Qe6+ Kd8 31.Ba5+  1-0

[Event "PER-ch"]
[Site "Lima"]
[Date "1999.03.02"]
[Round "7"]
[White "Suasnabar, Jesus"]
[Black "Garcia Toledo, Pedro"]
[Result "1/2-1/2"]
[WhiteElo "2030"]
[BlackElo "2265"]

1.e4 c5 2.c3 Nf6 3.e5 Nd5 4.d4 cxd4 5.Nf3 e6 6.cxd4 d6 7.Nc3 Nxc3 8.bxc3 Nc6
9.Bf4 Be7 10.Bd3 O-O 11.O-O dxe5 12.Nxe5 Nxe5 13.Bxe5 Bd7 14.Qb1 Bc6 15.Bxh7+ Kh8
16.Be4 Bd5 17.Re1 Rc8 18.Re3 f5 19.Bxd5 Qxd5 20.Qd1 Bf6 21.Qh5+ Kg8 22.Bf4 Rc6
23.Qf3 Rfc8 24.Qh5 Rxc3  1/2-1/2